Statistics for Barcelona Quiz

Click here to take the quiz!

General Stats

  • This quiz has been taken 114 times
    (113 since last reset)
  • The average score is 5 of 13

Answer Stats

HintAnswer% Correct
top scorer evermessi
99%
captain 2014-15xavi
83%
signed for 75 milion in the summer of 2014suarez
76%
what city is barcelona stadium inbarcelona
69%
date of club being formed1899
51%
stadiumnou camp
48%
managerenrique
45%
left as a free agent this summer GKvaldez
21%
previous managerpep guardiola
16%
who says barca style of playandy tate
8%
club coloursblue and maroon
3%
club presidentjosep bartomeu
3%
capacity of stadium99,786
2%

Score Distribution

Percentile by Number Answered

Percent of People with Each Score

Your Score History

You have not taken this quiz since the last reset